A Master Good Kft. exporttevékenysége
| Szerző: | |
|---|---|
| További közreműködők: | |
| Dokumentumtípus: | Diplomadolgozat |
| Kulcsszavak: | baromfiágazat export-import exportstratégiák élelmiszeripar kereskedelem |
| Online Access: | http://dolgozattar.uni-bge.hu/60150 |
MARC
| LEADER | 00000nta a2200000 i 4500 | ||
|---|---|---|---|
| 001 | dolg60150 | ||
| 005 | 20260409150045.0 | ||
| 008 | 260409suuuu hu om 000 hun d | ||
| 040 | |a BGE Dolgozattár Repozitórium |b hun | ||
| 041 | |a hu | ||
| 100 | 1 | |a Kovács Botond | |
| 245 | 1 | 2 | |a A Master Good Kft. exporttevékenysége |c Kovács Botond |h [elektronikus dokumentum] |
| 520 | 3 | |a Szakdolgozatomban a Master Good Kft. exporttevékenységét vizsgáltam meg, különös tekintettel arra, hogy egy magyar családi vállalkozás hogyan tud ilyen nagy arányban (65–70%-ban) külföldre exportálni. A dolgozatom célja, hogy bemutassam a cég sikeres nemzetközi stratégiáját, és feltárjam azokat a tényezőket, amelyek segítik a vállalat exporttevékenységét. A dolgozatomban szó esik még a baromfiipar nemzetközi és hazai helyzetéről is, valamint a cég főbb exportpiacairól is, ami 43-47 országban zajlik. Kvalitatív kutatás keretében fókuszcsoportos interjúkat készítettem a cég vezetőivel, hogy belső nézőpontból is láthassam, hogyan alkalmazkodnak a piaci kihívásokhoz, például a madárinfluenza-járványhoz vagy a globális versenyhez. Az elemzéseimhez PESTEL-, SWOT- és BENCHMARK-módszereket használtam. Összességében a dolgozatom rávilágít arra, hogy a Master Good Kft. sikere mögött tudatos stratégiai tervezés, magas minőségű termelés és nemzetközi szinten is működő partnerikapcsolatok állnak. | |
| 695 | |a baromfiágazat | ||
| 695 | |a export-import | ||
| 695 | |a exportstratégiák | ||
| 695 | |a élelmiszeripar | ||
| 695 | |a kereskedelem | ||
| 700 | 1 | |a Katz György |e ths | |
| 700 | 1 | |a Kozák Dr. Tamás József |e ths | |
| 856 | 4 | 0 | |u http://dolgozattar.uni-bge.hu/60150/1/Kov%C3%A1cs_Botond_JCF2TE_MastergoodKft_exporttev%C3%A9kenys%C3%A9ge%20%282%29.pdf |z Dokumentum-elérés |
| 856 | 4 | 0 | |u http://dolgozattar.uni-bge.hu/60150/2/Kov%C3%A1cs_Botond_JCF2TE_MastergoodKft_exporttev%C3%A9kenys%C3%A9ge%20%282%29.pdf |z Dokumentum-elérés |
| 856 | 4 | 0 | |u http://dolgozattar.uni-bge.hu/60150/3/Kov%C3%A1cs%20Botond%20opponensi%20b%C3%ADr%C3%A1lata.pdf |z Dokumentum-elérés |
| 856 | 4 | 0 | |u http://dolgozattar.uni-bge.hu/60150/4/BA%20KM%20magyar%20b%C3%ADr%C3%A1lati%20lap%20Kov%C3%A1csB.pdf |z Dokumentum-elérés |